| 000 | 00559nam a22001937a 4500 | ||
|---|---|---|---|
| 003 | OSt | ||
| 005 | 20180116183041.0 | ||
| 008 | 160223b xxu||||| |||| 00| 0 eng d | ||
| 020 | _a23-006-90-1 | ||
| 040 | _cLahore University of Management Sciences. | ||
| 050 | _a174.4 | ||
| 082 | _a174.4 LUMS 1990 | ||
| 100 | _aRiaz,Aalia. | ||
| 245 |
_aSTYLES & TRENDS- THE START-UP DECISION. _bCase Studies. _cKHAN W M. |
||
| 260 |
_aLahore. _bLahore University of Management Sciences. _c1990. |
||
| 300 | _a35p. | ||
| 500 | _aPaper Cover | ||
| 942 |
_2ddc _cCS _k174.4 |
||
| 999 |
_c351260 _d351260 |
||